| 000 | 01017cam a2200325 i 4500 | ||
|---|---|---|---|
| 001 | 1294992 | ||
| 003 | OSt | ||
| 005 | 20260414110204.0 | ||
| 008 | 760813s1976 miu b 001 0 eng | ||
| 010 | _a 76370964 | ||
| 020 | _c0875524311 | ||
| 035 | _a1294992 | ||
| 040 |
_aDLC _cDLC _dDLC |
||
| 050 | 0 | 0 |
_aBS2685.2 _b.S26 1976 |
| 082 | 0 | 0 | _a227/.4/06 |
| 100 | 1 | _aSanderson, John W. | |
| 245 | 1 | 4 |
_aThe fruit of the spirit : _ba study guide / _cby John W. Sanderson. |
| 260 |
_aGrand Rapids : _bZondervan Pub. House, _c1976. |
||
| 300 |
_a189 p. ; _c18 cm. |
||
| 336 |
_atext _btxt _2rdacontent |
||
| 337 |
_aunmediated _bn _2rdamedia |
||
| 338 |
_avolume _bnc _2rdacarrier |
||
| 500 | _aIncludes index. | ||
| 504 | _aBibliography: p. 180-182. | ||
| 630 | 0 | 0 |
_aBible. _pGalatians v, 22-23 _xCriticism, interpretation, etc. |
| 650 | 0 |
_aChristian life _xBiblical teaching. |
|
| 906 |
_a7 _bcbc _corignew _d2 _encip _f19 _gy-gencatlg |
||
| 942 |
_2lcc _cBK |
||
| 999 |
_c21596 _d21595 |
||